000 00428nam a2200181Ia 4500
001 4200
005 20260306145738.0
008 260306t1982||||xx |||||||||||||| ||spa||
041 _aESP
082 _a320.01
_bA32
100 _aAguirre Bellver, Joaquín
_eAUT
245 0 _aLa política va al infierno
260 _c1982
300 _a184 páginas :
_c13 cm.
650 _aGEN
654 _aCDE
942 _cLIB
_dJUS
_fJUS
_2ddc
_n
999 _c4200
_d4200